DCP <Ein> Betriebssystem für 16-bit-Personalcomputer

Enregistré dans:
Détails bibliographiques
Auteur principal: Kalfa, Winfried
Format: Livre
Langue:allemand
Publié: Leipzig Fachbuchverlag 1989
Édition:1. Aufl.
Collection:Computerpraxis
Tags: Ajouter un tag
Pas de tags, Soyez le premier à ajouter un tag!

MARC

LEADER 00000nam a2200000 4500
001 c028509
005 20221215124245.8
041 0 |a ger 
044 |a DE 
245 1 0 |a DCP  |b <Ein> Betriebssystem für 16-bit-Personalcomputer  |c Winfried Kalfa 
250 |a 1. Aufl. 
264 1 |a Leipzig  |b Fachbuchverlag  |c 1989 
300 |a 200 s. 
490 1 |a Computerpraxis 
830 0 |a Computerpraxis 
100 1 |a Kalfa, Winfried